Statistiken für Städte mit "H"

Klicken Sie hier um das Quiz zu spielen!

Allgemein

  • Dieses Quiz wurde 33 mal gespielt
  • Das Durchschnittsergebnis liegt bei 12 aus 35

Antwortstatistiken

LandStadt% Korrekt
Deutschland 🇩🇪Hamburg
100%
Finnland 🇫🇮Helsinki
94%
Deutschland 🇩🇪Hannover
88%
Kuba 🇨🇺Havanna
84%
Vietnam 🇻🇳Hanoi
81%
USA 🇺🇸Houston
72%
Deutschland 🇩🇪Heidelberg
63%
Israel 🇮🇱Haifa
53%
Deutschland 🇩🇪Hamm
53%
Deutschland 🇩🇪Herne
50%
Deutschland 🇩🇪Hagen
44%
Simbabwe 🇿🇼Harare
44%
China 🇨🇳Hongkong
38%
Deutschland 🇩🇪Halle (Saale)
34%
Deutschland 🇩🇪Hanau
34%
Vietnam 🇻🇳Ho-Chi-Minh-Stadt
34%
Deutschland 🇩🇪Hameln
28%
Japan 🇯🇵Hiroshima
28%
Salomonen 🇸🇧Honiara
25%
Deutschland 🇩🇪Hof (Saale)
22%
Deutschland 🇩🇪Homburg
19%
Niederlande 🇳🇱Haarlem
16%
Syrien 🇸🇾Homs
16%
Spanien 🇪🇸Huelva
16%
Australien 🌏Hobart
13%
China 🇨🇳Harbin
6%
USA 🇺🇸Honolulu
6%
China 🇨🇳Hefei
3%
Dänemark 🇩🇰Herning
3%
Deutschland 🇩🇪Herzberg
3%
Deutschland 🇩🇪Haiger
0%
Schweden 🇸🇪Halmstad
0%
Ägypten 🇪🇬Heliopolis
0%
Belarus 🇧🇾Hrodna
0%
Angola 🇦🇴Huambo
0%

Verteilung der Resultate

Perzentil nach korrekt beantworteten Fragen

Anzahl Personen mit jedem Resultat

Ihre Resultats-Entwicklung

Sie haben dieses Quiz noch nicht gespielt